000 01847nam0a2200385 4500
001 RU\NLR\BIBL_A\011776932
005 20191009110819.0
010 _a978-5-9966-1125-6
_95000
021 _aRU
_bКН-П-18-053617
_9КН-П-18-3865
035 _a(NLR Aleph) 011776932
035 _a(RuMoRGB)009694976
090 _a11755233
_c11755233
100 _a20180823d2018 u y0rusy50 ca
101 0 _arus
102 _aRU
105 _ay|||j|||000zy
200 1 _aИстория
_eЕГЭ
_e10-11 классы
_eанализ исторического источника
_eучебно-методическое пособие
_e[250 исторических источников и задания к ним, высокий уровень сложности, модели ответов]
_fР.В. Пазин
205 _aИзд. 9-е, перераб. и доп.
210 _aРостов-на-Дону
_cЛегион
_d2018
215 _a411, [1] с.
_d20
225 1 _aЕГЭ
300 _aЗагл. обл.: ЕГЭ. История
300 _aВ макете подзаг.: Учебное пособие
320 _aБиблиогр. в конце кн.
512 1 _aЕГЭ. История
606 1 _aИстория
_xЭкзамены
_xПодготовка к ним
_xСредняя школа
_jУчебно-методические пособия
_2nlr_sh2
_3RU\NLR\AUTH\6601569805
607 _aРоссия
_xИстория
_jУчебно-методические пособия для средней школы
_2nlr_sh1
_2nlr_sh2
_3RU\NLR\AUTH\66979780
686 1 _aЧ421.31-28
686 1 _aТ3(2)я72
700 1 _aПазин
_bР. В.
_gРоман Викторович
942 _cBOOK
980 _aNBR
980 _aNB